000 01700cam a22005054i 4500
003 PE-LiUPU
005 20250731165628.0
008 150616s r 000 0 d
020 _a0801067154
035 _a(Sirsi) i9780801067150
040 _aPE-LiUPU
_bspa
_cPE-LiUPU
_erda
049 _aPRUA
082 0 4 _a221.07d
_bO94
_221
100 1 _aOwens, John Joseph,
_eautor.
245 1 0 _aAnalytical Key to the Old Testament.
_n3 /
_cJohn joseph Owens.
264 1 _aGrand Rapids, Michigan :
_bBaker Book House,
_c1993.
300 _a660 páginas ;
_c26 centímetros
336 _atext
_2rdacontent
337 _aunmediated
_2rdamedia
338 _avolume
_2rdacarrier
505 0 _aEzra.- Nehemiah.- Esther.- Job.- Psalms.- Proverbs.- Ecclesiaites.- Song of Solomon.
526 _aSEG44
526 _aSEG26
526 _aP151
526 _aP150
526 _aP149
526 _aP146
526 _aP145
526 _aP126
526 _aP125
526 _aP92
526 _aP75
526 _aP74
526 _aP27
526 _aP15
630 0 4 _aBiblia.
_pA.T.
_xEstudio y enseñanza.
650 1 4 _aHebreo bíblico
_xInflexión.
910 _ajck
_bjvq
_cjck
942 _2ddc
_cBOOK
949 _aRC 221.07D O94 3
_wDEWEY
_c1
_i39768
_d2016-8-17
_e2016-8-17
_lCCODEBUL1
_mBUL
_n3
_q4
_r0
_sY
_tBOOK
_u2015-6-16
_xTEOLOGIA
_zUNKNOWN
_0COMPRA
_o.STAFF. Colección General
994 _aC0
_bPEPRU
596 _a1
999 _aRC 221.07D O94 3
_wDEWEY
_c57419
_i39768
_d57419
_e2016-8-17
_f2021-11-8
_g6
_lCCODEBUL1
_mBUL
_n3
_q30
_r1
_sY
_tBOOK
_u2015-6-16
_xTEOLOGIA
_zUNKNOWN
_0COMPRA
_o.STAFF. Colección General
980 _81
_gALBERTO SANCHEZ Responsable de Automatización